Testez votre espagnol: Couleurs #2 - Statistiques

Statistiques générales
  • Ce quiz a été pris 344 fois
  • Le résultat moyen est 5 sur 8
Statistiques - réponses
Couleur Réponse % Correct
Gris Gris
100%
Verde Limon Vert citron
81%
Indigo Indigo
79%
Dorado Doré
71%
Morado Violet
63%
Lila Lilas
47%
Plateado Argent
46%
Esmeralda Emeraude
40%
Aucun quiz correspondant
Distribution des résultats
% des personnes avec chaque résultat
Percentile par nombre de réponses
Votre historique - résultats
Vous n’avez pas pris ce quiz